00701nam a2200205Ia 4500008004100000100002200041245013100063260001100194300002100205440004700226521000700273650001900280650001600299650002300315650002400338650002300362942000700385999001900392952008400411140626s9999 xx 000 0 und d aSchiffrin, Anya.. aDoes training make a difference? evaluating journalism training programs in Sub-Saharan Africa /c Anya ... [et al.].Schiffrin cc2011. a66 : 4, page 340 aJournalism and Mass Communication Educator aMC aCommunication. aJournalism. aMedia development. aSub-saharan Africa. aTraining/practice. cSE c121226d121226 001040aCLbCLcPERd2014-06-26l0pS0334r2014-06-26 00:00:00w2014-06-26ySE